| 000 | 00934nac a22002897a 4500 | ||
|---|---|---|---|
| 001 | BR0201421 | ||
| 003 | BR-BrBNA | ||
| 005 | 20240105122645.0 | ||
| 008 | 230509b bl.|||m| |||| 00| 0 por d | ||
| 040 |
_aBR-BrBNA _bpor _cBiblioteca Nacional de Agricultura |
||
| 072 | _aP01; T01 | ||
| 090 | _aP01 BR0201421 | ||
| 100 | 1 | _aMotta, R.S. da | |
| 245 | 1 | _aPadrão de consumo, distribuição de renda e o meio ambiente no Brasil | |
| 490 |
_aTexto para Discussão - Instituto de Pesquisa Econômica Aplicada (Brazil) _vno. 856 _xISSN 1415-4765 |
||
| 500 | _aSummaries (En, Pt); 32 ref.; 6 tables; 30 illus. | ||
| 650 | _aMeio Ambiente | ||
| 650 | _aPoluição da Água | ||
| 650 | _aPoluição Química | ||
| 650 | _aDados Estatísticos | ||
| 650 | _aNível de Vida | ||
| 650 | _aRenda | ||
| 650 | _aConsumo | ||
| 650 | _aIndicador Econômico | ||
| 909 |
_a202312 _bLúcia Elande _c55 _dLúcia Elande |
||
| 942 |
_2AGRIS _n0 _cMS |
||
| 999 |
_c292158 _d292158 |
||